[Event "46. Villa de Mislata - Open B 2012"]
[Site "Mislata ESP"]
[Date "2012.08.17"]
[Round "7.10"]
[White "Ventura Monfort, Santiago"]
[Black "Palacios Herrero, Pablo"]
[Result "0-1"]
[WhiteElo "2066"]
[BlackElo "1926"]
[PlyCount "76"]
[EventDate "2012.08.13"]
[EventType "tourn"]
[EventRounds "9"]
[EventCountry "ESP"]
[EventCategory "2"]
[Source "lmi"]
[SourceDate "2012.08.13"]

1. e4 e6 2. d4 d5 3. Nc3 Nf6 4. Bg5 Be7 5. e5 Nfd7 6. h4 O-O 7. Nf3 a6 8. Bd3
f5 9. exf6 Bxf6 10. Qd2 c5 11. O-O-O c4 12. Be2 b5 13. Qe3 Qe8 14. Ne5 b4 15.
Nb1 Bxe5 16. dxe5 Nc6 17. Bf4 Bb7 18. Bg3 Rc8 19. c3 bxc3 20. bxc3 Rb8 21. f4
Ba8 22. h5 Ne7 23. Qd2 Nc5 24. Qc2 Nf5 25. Bf2 Ne4 26. Bf3 Nxf2 27. Qxf2 Qb5
28. Kd2 Qb2+ 29. Ke1 Qxf2+ 30. Kxf2 Rb2+ 31. Nd2 d4 32. Bxa8 Rxa8 33. Ke1 Ne3
34. Rb1 Nxg2+ 35. Kd1 Rxa2 36. Nxc4 dxc3 37. Rc1 Rd8+ 38. Nd6 Rd2# 0-1

[Event "46. Villa de Mislata - Open B 2012"]
[Site "Mislata ESP"]
[Date "2012.08.18"]
[Round "8.1"]
[White "Lopez Mulet, Inigo"]
[Black "Llamazares Lopez, Marcos"]
[Result "0-1"]
[WhiteElo "1960"]
[BlackElo "2002"]
[PlyCount "92"]
[EventDate "2012.08.13"]
[EventType "tourn"]
[EventRounds "9"]
[EventCountry "ESP"]
[EventCategory "2"]
[Source "lmi"]
[SourceDate "2012.08.13"]

1. d4 d5 2. c4 c6 3. Nf3 e6 4. g3 f5 5. Nbd2 Nf6 6. Bg2 Bd6 7. O-O O-O 8. a3 a5
9. b3 Ne4 10. Ne1 Nc3 11. Qc2 Nxe2+ 12. Kh1 Nxd4 13. Qd3 Be5 14. Rb1 Bf6 15.
Bb2 dxc4 16. bxc4 e5 17. Bxd4 Qxd4 18. Qxd4 exd4 19. Nd3 Nd7 20. Rfe1 Kf7 21.
a4 Re8 22. Rxe8 Kxe8 23. c5 Kd8 24. f4 Kc7 25. Rc1 Ra6 26. Bf1 b5 27. Ne1 Ra8
28. axb5 cxb5 29. Bxb5 Rb8 30. Bd3 Rb2 31. Nc4 Bb7+ 32. Kg1 Rb5 33. Bxf5 Rxc5
34. Be6 Be4 35. Kf2 Nb6 36. Ke2 Nxc4 37. Rxc4 Rxc4 38. Bxc4 Kb6 39. Nd3 a4 40.
Kd2 Bc6 41. Kc2 Bb5 42. Bd5 Bc6 43. Bc4 Kc7 44. Kb2 Bd7 45. Nc5 Bc6 46. Ka3 Be7
0-1

[Event "46. Villa de Mislata - Open B 2012"]
[Site "Mislata ESP"]
[Date "2012.08.18"]
[Round "8.2"]
[White "Bas Mas, Miguel"]
[Black "Monmeneu Chulia, Vicente Juan"]
[Result "1-0"]
[WhiteElo "1925"]
[BlackElo "1998"]
[PlyCount "119"]
[EventDate "2012.08.13"]
[EventType "tourn"]
[EventRounds "9"]
[EventCountry "ESP"]
[EventCategory "2"]
[Source "lmi"]
[SourceDate "2012.08.13"]

1. e4 d5 2. exd5 Qxd5 3. Nc3 Qd6 4. d4 Nf6 5. Nf3 g6 6. h3 Bg7 7. Bc4 O-O 8.
Be3 a6 9. O-O b5 10. Bb3 Bb7 11. Ne5 Nbd7 12. f4 Rab8 13. Qe1 c5 14. dxc5 Nxc5
15. Rd1 Qc7 16. Bxc5 Qxc5+ 17. Qf2 Rbc8 18. Qxc5 Rxc5 19. g4 Rc7 20. f5 gxf5
21. Nxf7 Rxf7 22. Rd8+ Bf8 23. Rxf5 e6 24. Bxe6 Kg7 25. Bxf7 Rxf7 26. g5 Be7
27. Rb8 Bd6 28. gxf6+ Kg6 29. Rxb7 Rxb7 30. Rf3 Be5 31. f7 Rxf7 32. Rxf7 Kxf7
33. Nd1 Ke6 34. Kf2 Kd5 35. Ke3 a5 36. Kd3 Bg7 37. b3 b4 38. Ne3+ Kc5 39. Nc4
Kb5 40. Ke4 a4 41. Kd5 a3 42. Nd6+ Ka5 43. Kc4 Bf8 44. Nf5 Kb6 45. Ne3 Ka5 46.
Ng2 Kb6 47. Ne1 Ka5 48. Nd3 Be7 49. c3 bxc3 50. Kxc3 Kb5 51. b4 Bf6+ 52. Kb3
Bb2 53. Ne1 Bc1 54. Nc2 Kc6 55. Nxa3 Kd5 56. Nc4 Ke4 57. a4 Kf3 58. a5 Bf4 59.
a6 Bb8 60. Ne5+ 1-0

[Event "46. Villa de Mislata - Open B 2012"]
[Site "Mislata ESP"]
[Date "2012.08.18"]
[Round "8.3"]
[White "Romero Calduch, Sergio"]
[Black "Cortes Marti, Javier"]
[Result "1-0"]
[WhiteElo "1972"]
[BlackElo "2045"]
[PlyCount "135"]
[EventDate "2012.08.13"]
[EventType "tourn"]
[EventRounds "9"]
[EventCountry "ESP"]
[EventCategory "2"]
[Source "lmi"]
[SourceDate "2012.08.13"]

1. d4 d5 2. c4 Nf6 3. Nc3 e6 4. cxd5 exd5 5. Bg5 Be7 6. Qc2 c6 7. e3 Nbd7 8.
Bd3 h6 9. Bf4 O-O 10. Nge2 Nh5 11. Bg3 Nb6 12. O-O Be6 13. Be5 Nc4 14. h3 Qd7
15. Bh2 Bd6 16. Bxd6 Nxd6 17. Rac1 Nf6 18. Na4 Qe7 19. Nc5 Bc8 20. Ng3 Re8 21.
Rfd1 Nfe4 22. Ngxe4 Nxe4 23. Bxe4 dxe4 24. Na4 Qg5 25. Kh2 Re6 26. Nc5 Qh4 27.
Nxe6 Bxe6 28. Rf1 Bd5 29. b3 Re8 30. Qe2 Re6 31. Qg4 Qe7 32. Rce1 a5 33. Rc1
Qa3 34. Rc2 a4 35. Rb1 axb3 36. axb3 b5 37. b4 Bc4 38. Qd1 Bd3 39. Qc1 Qa8 40.
Ra1 Qb8+ 41. Kg1 Bxc2 42. Qxc2 Qd8 43. Qc5 Rg6 44. Qe5 Qh4 45. Qf5 Qe7 46. Qc5
Qe6 47. Qh5 Rg5 48. Qh4 Qe7 49. Qf4 Qe6 50. Rc1 Rg6 51. Qh4 Rg5 52. Ra1 Rf5 53.
Qg4 g6 54. Qh4 g5 55. Qg4 Kg7 56. h4 Qd5 57. Rc1 Rf6 58. hxg5 Rg6 59. Rc5 Qb3
60. gxh6+ Kxh6 61. Rh5+ Kg7 62. Qh4 Qd1+ 63. Kh2 Qc2 64. Qd8 Rh6 65. Qg5+ Rg6
66. Qe5+ f6 67. Qe7+ Kg8 68. Qh7+ 1-0

[Event "46. Villa de Mislata - Open B 2012"]
[Site "Mislata ESP"]
[Date "2012.08.18"]
[Round "8.4"]
[White "Nieves Cabanes, Jose Manuel"]
[Black "Diaz Benitez, Ricardo"]
[Result "0-1"]
[WhiteElo "1872"]
[BlackElo "2020"]
[PlyCount "114"]
[EventDate "2012.08.13"]
[EventType "tourn"]
[EventRounds "9"]
[EventCountry "ESP"]
[EventCategory "2"]
[Source "lmi"]
[SourceDate "2012.08.13"]

1. d4 d5 2. c4 c6 3. Nc3 Nf6 4. e3 a6 5. b3 Bf5 6. Bd3 Bxd3 7. Qxd3 e6 8. Bb2
Nbd7 9. Nf3 Bd6 10. O-O O-O 11. e4 dxe4 12. Nxe4 Nxe4 13. Qxe4 Nf6 14. Qc2 Qa5
15. Rad1 Qh5 16. Rfe1 Rac8 17. Bc3 Rfd8 18. Qb2 Qf5 19. Qe2 h6 20. h3 Bb8 21.
Nh4 Qg5 22. Nf3 Qf5 23. Qd3 Qxd3 24. Rxd3 Bc7 25. Bb2 Rd7 26. Ne5 Rdd8 27. Ba3
Bd6 28. Bb2 Bc7 29. g3 Bb6 30. Kg2 Nd7 31. Nf3 Nf6 32. Red1 Ba7 33. Nd2 Rd7 34.
Nf3 Rcd8 35. Ba3 Rc7 36. Bb4 Rcd7 37. Bc3 Ne4 38. Bb2 Bb8 39. Re1 Nf6 40. Ne5
Rc7 41. Kf3 Nd7 42. Red1 f6 43. Ng4 Nf8 44. Ke2 Rcd7 45. f4 h5 46. Ne3 h4 47.
Ng2 Ng6 48. Kf3 hxg3 49. Kxg3 Nxf4 50. Nxf4 g5 51. Bc1 gxf4+ 52. Bxf4 e5 53.
Kf3 exf4 54. d5 cxd5 55. cxd5 Kf7 56. Ke4 Re8+ 57. Kf3 Rg8 0-1

[Event "46. Villa de Mislata - Open B 2012"]
[Site "Mislata ESP"]
[Date "2012.08.18"]
[Round "8.5"]
[White "Palacios Herrero, Pablo"]
[Black "Bellosta Lopez, Pablo"]
[Result "0-1"]
[WhiteElo "1926"]
[BlackElo "2066"]
[PlyCount "76"]
[EventDate "2012.08.13"]
[EventType "tourn"]
[EventRounds "9"]
[EventCountry "ESP"]
[EventCategory "2"]
[Source "lmi"]
[SourceDate "2012.08.13"]

1. e4 c5 2. Nf3 d6 3. d4 cxd4 4. Nxd4 Nf6 5. Nc3 a6 6. Bg5 e6 7. f4 Qb6 8. Qd2
Qxb2 9. Rb1 Qa3 10. f5 Nc6 11. fxe6 fxe6 12. Bxf6 gxf6 13. Be2 h5 14. O-O Qc5
15. Rfd1 e5 16. Nd5 Nxd4 17. Kh1 Bg7 18. Rf1 b5 19. Rxf6 Bxf6 20. Nxf6+ Kd8 21.
Qg5 Ne6 22. Qh4 Kc7 23. Nd5+ Kb8 24. c4 Ra7 25. cxb5 Rb7 26. b6 Nf4 27. Bxa6
Nxd5 28. Bxb7 Nc3 29. Rc1 Bxb7 30. h3 Qe3 31. Re1 Qxb6 32. Qf6 Rc8 33. Qg6 Nxe4
34. Kh2 Qf2 35. Rb1 Qf4+ 36. Kg1 Qf2+ 37. Kh2 Nf6 38. a4 Ng4+ 0-1

[Event "46. Villa de Mislata - Open B 2012"]
[Site "Mislata ESP"]
[Date "2012.08.18"]
[Round "8.6"]
[White "Fernandez Gil, Ruben Carlos"]
[Black "Gomez Benitez, David"]
[Result "0-1"]
[WhiteElo "1853"]
[BlackElo "2062"]
[PlyCount "98"]
[EventDate "2012.08.13"]
[EventType "tourn"]
[EventRounds "9"]
[EventCountry "ESP"]
[EventCategory "2"]
[Source "lmi"]
[SourceDate "2012.08.13"]

1. e4 d5 2. exd5 Qxd5 3. Nc3 Qd6 4. d4 Nf6 5. Nf3 a6 6. g3 Bg4 7. Bg2 Nc6 8.
O-O e6 9. Bg5 Be7 10. Re1 O-O 11. Bxf6 Bxf6 12. Ne4 Qe7 13. c3 Rad8 14. Qc1
Bxf3 15. Bxf3 Na5 16. Nc5 c6 17. b3 Rfe8 18. Qc2 g6 19. Qd3 Qxc5 20. b4 Qc4 21.
Qe3 Bxd4 22. cxd4 Qxb4 23. Rad1 Nc4 24. Qf4 Qd6 25. Qh6 Qc7 26. h4 Nd6 27. Qf4
Nb5 28. Qf6 Qe7 29. Qe5 Nc3 30. Rd3 Nd5 31. h5 Qf6 32. Qe4 Kg7 33. Rb3 b5 34.
Rc1 e5 35. dxe5 Rxe5 36. Qc2 Rd6 37. hxg6 hxg6 38. Rd3 Rde6 39. Qd2 Nb6 40. Qa5
c5 41. Bg4 Rc6 42. Qxa6 c4 43. Rf3 Qg5 44. Rf4 Qd8 45. Qb7 Rf6 46. Rxf6 Qxf6
47. Bf3 Rf5 48. Rc3 b4 49. Re3 c3 0-1

[Event "46. Villa de Mislata - Open B 2012"]
[Site "Mislata ESP"]
[Date "2012.08.18"]
[Round "8.7"]
[White "Cebolla Moll, Ricardo"]
[Black "Morant Amezaga, Elies"]
[Result "0-1"]
[WhiteElo "2038"]
[BlackElo "2013"]
[PlyCount "94"]
[EventDate "2012.08.13"]
[EventType "tourn"]
[EventRounds "9"]
[EventCountry "ESP"]
[EventCategory "2"]
[Source "lmi"]
[SourceDate "2012.08.13"]

1. f4 Nf6 2. Nf3 g6 3. e3 Bg7 4. Be2 d6 5. O-O O-O 6. Nc3 c5 7. Qe1 Nc6 8. Qh4
e5 9. fxe5 Nxe5 10. Nxe5 dxe5 11. d3 Nd5 12. Qxd8 Rxd8 13. Nxd5 Rxd5 14. e4 Rd6
15. b3 f5 16. Be3 f4 17. Bd2 Be6 18. Bc3 Bf7 19. a3 Rc8 20. a4 b6 21. Bg4 Rc7
22. Bb2 h5 23. Be2 g5 24. g3 Rcc6 25. Rf2 Rh6 26. Raf1 Be6 27. Kg2 Bd7 28. h3
Rcg6 29. Kh2 g4 30. h4 Bf6 31. Kg1 fxg3 32. Rg2 Rh7 33. Rxf6 Rxf6 34. Bxe5 Rf2
35. Bxg3 Rxg2+ 36. Kxg2 Be6 37. Bf4 Rf7 38. Kg3 Kg7 39. Be5+ Kg6 40. Bh8 a6 41.
Bc3 b5 42. a5 c4 43. b4 cxd3 44. cxd3 Bb3 45. Be5 Bc2 46. Bd6 Bxd3 47. Bxd3
Rf3+ 0-1

[Event "46. Villa de Mislata - Open B 2012"]
[Site "Mislata ESP"]
[Date "2012.08.18"]
[Round "8.8"]
[White "Luque Martin, Jonathan"]
[Black "Perez Garcia, Jose Miguel"]
[Result "1/2-1/2"]
[WhiteElo "1942"]
[BlackElo "1967"]
[PlyCount "33"]
[EventDate "2012.08.13"]
[EventType "tourn"]
[EventRounds "9"]
[EventCountry "ESP"]
[EventCategory "2"]
[Source "lmi"]
[SourceDate "2012.08.13"]

1. d4 Nf6 2. c4 g6 3. Nc3 Bg7 4. e4 d6 5. Nf3 O-O 6. Be2 e5 7. O-O Nc6 8. d5
Ne7 9. b4 Nh5 10. Re1 f5 11. Ng5 Nf6 12. Bf3 h6 13. Ne6 Bxe6 14. dxe6 fxe4 15.
Nxe4 Nxe4 16. Rxe4 c6 17. Bb2 1/2-1/2

[Event "46. Villa de Mislata - Open B 2012"]
[Site "Mislata ESP"]
[Date "2012.08.18"]
[Round "8.9"]
[White "Martin Ayala, David"]
[Black "Coves Tomas, Bernardo"]
[Result "1/2-1/2"]
[WhiteElo "2060"]
[BlackElo "1827"]
[PlyCount "103"]
[EventDate "2012.08.13"]
[EventType "tourn"]
[EventRounds "9"]
[EventCountry "ESP"]
[EventCategory "2"]
[Source "lmi"]
[SourceDate "2012.08.13"]

1. e4 e5 2. Nf3 Nc6 3. d4 exd4 4. Nxd4 Bc5 5. Be3 Qf6 6. c3 Bb6 7. Nc2 d6 8.
Nd2 Be6 9. a3 Nge7 10. Bxb6 axb6 11. Ne3 O-O 12. Bd3 Ne5 13. Bc2 N7g6 14. O-O
Nf4 15. Nf3 Rfd8 16. Nd4 d5 17. Nxe6 Qxe6 18. exd5 Nxd5 19. Nxd5 Rxd5 20. Qe2
Qg4 21. f3 Qc4 22. Rfe1 Qxe2 23. Rxe2 Nc6 24. Rae1 g6 25. a4 Rad8 26. b4 Rd2
27. Kf1 Rxe2 28. Rxe2 Kf8 29. h4 h5 30. Kf2 Rd6 31. g4 hxg4 32. fxg4 Ne7 33.
Be4 c6 34. Kf3 f5 35. gxf5 gxf5 36. Bb1 Kf7 37. Ba2+ Kf6 38. c4 Rd3+ 39. Re3
Rxe3+ 40. Kxe3 Ng6 41. h5 Ne5 42. Kd4 Nf3+ 43. Ke3 Ne5 44. a5 bxa5 45. bxa5 c5
46. Kf4 Nc6 47. h6 Nxa5 48. h7 Kg7 49. Kxf5 Kxh7 50. Ke5 Kg7 51. Kd6 b6 52. Kc7
1/2-1/2

[Event "46. Villa de Mislata - Open B 2012"]
[Site "Mislata ESP"]
[Date "2012.08.18"]
[Round "8.10"]
[White "Ortega Gadea, Santiago"]
[Black "Baeza Garcia, Agustin"]
[Result "0-1"]
[WhiteElo "2047"]
[BlackElo "1939"]
[PlyCount "90"]
[EventDate "2012.08.13"]
[EventType "tourn"]
[EventRounds "9"]
[EventCountry "ESP"]
[EventCategory "2"]
[Source "lmi"]
[SourceDate "2012.08.13"]

1. e4 e6 2. d4 d5 3. exd5 exd5 4. Nf3 Bd6 5. c4 c6 6. Nc3 Nf6 7. Bd3 dxc4 8.
Bxc4 Qe7+ 9. Be3 Be6 10. Bd3 Nbd7 11. O-O h6 12. Re1 Nb6 13. d5 Nbxd5 14. Nd4
O-O 15. Nf5 Bxf5 16. Bxf5 Qe5 17. Qf3 Nxe3 18. fxe3 Qxh2+ 19. Kf2 Qh4+ 20. Ke2
Qg3 21. Ne4 Nxe4 22. Bxe4 Rfe8 23. Rf1 Re7 24. Qf5 g6 25. Qf6 Qg4+ 26. Bf3 Qe6
27. Qxe6 Rxe6 28. e4 f5 29. Rad1 Rae8 30. b3 h5 31. Kd2 fxe4 32. Be2 Bb4+ 33.
Kc2 Kg7 34. Bc4 R6e7 35. g4 h4 36. g5 b5 37. Be2 Rf8 38. a4 Rxf1 39. Rxf1 a6
40. Rh1 Rd7 41. Bf1 Rd2+ 42. Kc1 e3 43. Rxh4 Ba3+ 44. Kb1 Rb2+ 45. Ka1 e2 0-1

[Event "46. Villa de Mislata - Open B 2012"]
[Site "Mislata ESP"]
[Date "2012.08.19"]
[Round "9.1"]
[White "Llamazares Lopez, Marcos"]
[Black "Bas Mas, Miguel"]
[Result "1/2-1/2"]
[WhiteElo "2002"]
[BlackElo "1925"]
[PlyCount "107"]
[EventDate "2012.08.13"]
[EventType "tourn"]
[EventRounds "9"]
[EventCountry "ESP"]
[EventCategory "2"]
[Source "lmi"]
[SourceDate "2012.08.13"]

1. Nf3 Nf6 2. c4 g6 3. Nc3 Bg7 4. e4 d6 5. Be2 Nbd7 6. O-O O-O 7. Rb1 e5 8. d4
Re8 9. dxe5 dxe5 10. b4 c6 11. h3 Qc7 12. Be3 Nh5 13. c5 Nf4 14. Bc4 Nf8 15.
Qb3 Be6 16. Nd2 Red8 17. b5 Rd3 18. Rfe1 Qa5 19. Rbc1 Rad8 20. Bxe6 N8xe6 21.
Nc4 Qc7 22. Kh2 Bf8 23. b6 axb6 24. cxb6 Qb8 25. Nb2 R3d7 26. Nca4 Nd4 27. Qc4
Nfe6 28. Nd3 Nf3+ 29. gxf3 Rxd3 30. Rc3 Rxc3 31. Nxc3 Nd4 32. Kg2 Qd6 33. Na4
Qf6 34. Bxd4 Rxd4 35. Qc2 Qg5+ 36. Kf1 Bh6 37. Rd1 Qh4 38. Kg2 Qg5+ 39. Kf1 Qh4
40. Rxd4 Qxh3+ 41. Ke2 exd4 42. Nc5 Qc8 43. Qc4 Bf8 44. Qxd4 Bxc5 45. Qxc5 h5
46. Qe7 Qa8 47. Ke3 Qa6 48. Qe8+ Kg7 49. Qe5+ Kg8 50. Qc7 h4 51. Kf4 Qf1 52.
Qb8+ Kg7 53. Qe5+ Kh7 54. Qf6 1/2-1/2

[Event "46. Villa de Mislata - Open B 2012"]
[Site "Mislata ESP"]
[Date "2012.08.19"]
[Round "9.2"]
[White "Diaz Benitez, Ricardo"]
[Black "Romero Calduch, Sergio"]
[Result "0-1"]
[WhiteElo "2020"]
[BlackElo "1972"]
[PlyCount "100"]
[EventDate "2012.08.13"]
[EventType "tourn"]
[EventRounds "9"]
[EventCountry "ESP"]
[EventCategory "2"]
[Source "lmi"]
[SourceDate "2012.08.13"]

1. d4 Nf6 2. Nf3 g6 3. Bf4 Bg7 4. e3 d6 5. h3 O-O 6. Be2 Nbd7 7. O-O b6 8. c3
Bb7 9. a4 a5 10. Bh2 Re8 11. Na3 e5 12. Nb5 Ne4 13. Qc2 f5 14. Rad1 Ng5 15.
Nxg5 Qxg5 16. Bc4+ Kh8 17. f4 exf4 18. Bxf4 Qd8 19. Rde1 Nf6 20. Bg5 Qe7 21.
Qb3 Qe4 22. Rf2 Re7 23. Be2 Qd5 24. c4 Qf7 25. Bf3 Bxf3 26. Rxf3 Rae8 27. Ref1
h6 28. Bh4 Re4 29. Bg3 Qe7 30. Bf2 Qd7 31. Kh1 R4e7 32. Bh4 Re4 33. Be1 f4 34.
Rxf4 Rxe3 35. Qd1 Nh5 36. R4f3 Rxf3 37. Qxf3 c6 38. Nc3 Rf8 39. Qd3 Rxf1+ 40.
Qxf1 Bxd4 41. Qf8+ Kh7 42. Ne4 d5 43. Nd6 Bg7 44. Qb8 Be5 45. Bc3 Ng3+ 46. Kh2
d4 47. Bxd4 Bxd4 48. Ne8 Nf5 49. c5 bxc5 50. g4 Ng7 0-1

[Event "46. Villa de Mislata - Open B 2012"]
[Site "Mislata ESP"]
[Date "2012.08.19"]
[Round "9.3"]
[White "Bellosta Lopez, Pablo"]
[Black "Lopez Mulet, Inigo"]
[Result "1/2-1/2"]
[WhiteElo "2066"]
[BlackElo "1960"]
[PlyCount "60"]
[EventDate "2012.08.13"]
[EventType "tourn"]
[EventRounds "9"]
[EventCountry "ESP"]
[EventCategory "2"]
[Source "lmi"]
[SourceDate "2012.08.13"]

1. e4 e6 2. d4 d5 3. Nd2 c5 4. exd5 Qxd5 5. Ngf3 cxd4 6. Bc4 Qd8 7. Nb3 Qc7 8.
Qxd4 Nc6 9. Bb5 Bd7 10. Bxc6 Qxc6 11. Bg5 f6 12. Be3 Ne7 13. O-O Nf5 14. Qd3
Nxe3 15. Qxe3 e5 16. Nxe5 fxe5 17. Qxe5+ Kf7 18. Rad1 Be7 19. Nd4 Qc5 20. Nf3
Bc6 21. Ng5+ Kg6 22. Qe6+ Bf6 23. h4 Qe7 24. Qg4 h5 25. Qg3 Qe5 26. f4 Qf5 27.
Rd6 Qg4 28. Qd3+ Qf5 29. Qg3 Qg4 30. Qd3+ Qf5 1/2-1/2

[Event "46. Villa de Mislata - Open B 2012"]
[Site "Mislata ESP"]
[Date "2012.08.19"]
[Round "9.4"]
[White "Gomez Benitez, David"]
[Black "Morant Amezaga, Elies"]
[Result "1/2-1/2"]
[WhiteElo "2062"]
[BlackElo "2013"]
[PlyCount "91"]
[EventDate "2012.08.13"]
[EventType "tourn"]
[EventRounds "9"]
[EventCountry "ESP"]
[EventCategory "2"]
[Source "lmi"]
[SourceDate "2012.08.13"]

1. e4 e5 2. Bc4 Nf6 3. d3 d6 4. Nf3 Be7 5. O-O O-O 6. Re1 Nc6 7. c3 Bg4 8. Nbd2
Qd7 9. Nf1 Bxf3 10. Qxf3 Na5 11. Bb3 Nxb3 12. axb3 a6 13. Ng3 g6 14. h3 Ne8 15.
Bh6 Ng7 16. d4 Qe6 17. d5 Qd7 18. c4 Bh4 19. Rac1 Bxg3 20. fxg3 f5 21. Bxg7
Kxg7 22. c5 fxe4 23. Qxe4 Qb5 24. cxd6 cxd6 25. Rc7+ Rf7 26. Rxf7+ Kxf7 27.
Rf1+ Kg7 28. Qf3 Qd7 29. Qf6+ Kg8 30. h4 Re8 31. h5 Qg7 32. hxg6 Qxg6 33. Qxg6+
hxg6 34. Rf6 Rd8 35. Rxg6+ Kf7 36. Re6 Rg8 37. Kf2 Rg4 38. Rxd6 Rb4 39. Re6
Rxb3 40. Rxe5 Rxb2+ 41. Kf3 a5 42. d6 Rd2 43. Rxa5 Rxd6 44. Rb5 b6 45. g4 Kg6
46. g3 1/2-1/2

[Event "46. Villa de Mislata - Open B 2012"]
[Site "Mislata ESP"]
[Date "2012.08.19"]
[Round "9.5"]
[White "Coves Tomas, Bernardo"]
[Black "Cortes Marti, Javier"]
[Result "0-1"]
[WhiteElo "1827"]
[BlackElo "2045"]
[PlyCount "110"]
[EventDate "2012.08.13"]
[EventType "tourn"]
[EventRounds "9"]
[EventCountry "ESP"]
[EventCategory "2"]
[Source "lmi"]
[SourceDate "2012.08.13"]

1. d4 Nf6 2. c4 c5 3. d5 b5 4. cxb5 a6 5. bxa6 g6 6. Nc3 Bxa6 7. e4 Bxf1 8.
Kxf1 d6 9. Nge2 Bg7 10. g3 Qa5 11. Bd2 Qa6 12. Qc2 Nbd7 13. f4 O-O 14. Kg2 Nb6
15. b3 Ra7 16. Rab1 Rfa8 17. a4 c4 18. Be3 Rb7 19. Bxb6 cxb3 20. Rxb3 Rxb6 21.
Rxb6 Qxb6 22. Qd3 Rc8 23. h3 Nd7 24. Rb1 Qa7 25. Rb5 Qa6 26. Qe3 Nc5 27. Rb4
Nd3 28. Rb5 Ne1+ 29. Kh2 Nc2 30. Qd2 Na3 31. Rb4 Qa5 32. Rb3 Qc5 33. Kg2 Nc4
34. Qd3 Qa7 35. Rb4 Qc7 36. Kf3 h6 37. Nb5 Qc5 38. Rb1 g5 39. Ned4 Ra8 40. Nc6
Bf6 41. Rb4 Nb2 42. Qb3 gxf4 43. gxf4 Qc1 44. Ke2 Qxf4 45. Nxe7+ Bxe7 46. Qxb2
Qh2+ 47. Kf1 Qh1+ 48. Ke2 Qg2+ 49. Kd1 Qf1+ 50. Kc2 Rc8+ 51. Kb3 Bf6 52. Nd4
Qd3+ 53. Ka2 Rc4 54. Qg2+ Kh7 55. Rb7 Rxa4+ 0-1

[Event "46. Villa de Mislata - Open B 2012"]
[Site "Mislata ESP"]
[Date "2012.08.19"]
[Round "9.6"]
[White "Monmeneu Chulia, Vicente Juan"]
[Black "Albo Ruiz, Jose Martin"]
[Result "1-0"]
[WhiteElo "1998"]
[BlackElo "1917"]
[PlyCount "74"]
[EventDate "2012.08.13"]
[EventType "tourn"]
[EventRounds "9"]
[EventCountry "ESP"]
[EventCategory "2"]
[Source "lmi"]
[SourceDate "2012.08.13"]

1. d4 Nf6 2. c4 c5 3. d5 e6 4. Nc3 exd5 5. cxd5 d6 6. e4 g6 7. h3 Bg7 8. Nf3
O-O 9. Bd3 Na6 10. O-O Rb8 11. Re1 Nb4 12. Bf1 Re8 13. Bf4 Nh5 14. Bh2 Bf8 15.
Rb1 a5 16. a3 Na6 17. Nb5 f6 18. Nd2 Nc7 19. b4 axb4 20. axb4 cxb4 21. Nxc7
Qxc7 22. Rxb4 Ra8 23. Nc4 f5 24. exf5 Rxe1 25. Qxe1 gxf5 26. Qd1 Nf6 27. Qd4
Ne4 28. f3 Qc5 29. Nb6 Bh6 30. Qxc5 dxc5 31. Rxe4 fxe4 32. Nxa8 Be3+ 33. Kh1
exf3 34. gxf3 c4 35. Bxc4 Bxh3 36. Bg1 Bg5 37. Nc7 Bh4 1-0

[Event "46. Villa de Mislata - Open B 2012"]
[Site "Mislata ESP"]
[Date "2012.08.19"]
[Round "9.7"]
[White "Capdevila Brown, Raudys Rafael"]
[Black "Nieves Cabanes, Jose Manuel"]
[Result "0-1"]
[WhiteElo "1979"]
[BlackElo "1872"]
[PlyCount "85"]
[EventDate "2012.08.13"]
[EventType "tourn"]
[EventRounds "9"]
[EventCountry "ESP"]
[EventCategory "2"]
[Source "lmi"]
[SourceDate "2012.08.13"]

1. e4 c6 2. d4 d5 3. e5 Bf5 4. Ne2 e6 5. Nbc3 c5 6. Be3 Nd7 7. dxc5 Nxe5 8. Nd4
Bg6 9. Bb5+ Nd7 10. O-O Ngf6 11. Re1 a6 12. Ba4 Qc7 13. b4 Be7 14. Qd2 O-O 15.
Bf4 Qc8 16. a3 Nb8 17. h3 Nc6 18. Nxc6 bxc6 19. Ne2 Ne4 20. Qe3 Bf6 21. c3 e5
22. Bh2 Bg5 23. f4 Bh4 24. Rf1 exf4 25. Bxf4 Re8 26. Qf3 Bf6 27. Nd4 Bxd4+ 28.
cxd4 Re6 29. Rae1 Qb7 30. h4 h6 31. h5 Bh7 32. Be5 f6 33. Qg4 Rae8 34. Rxe4 f5
35. Rxf5 Bxf5 36. Qxf5 dxe4 37. Qxe4 Qd7 38. Bc2 Rxe5 39. dxe5 Kf8 40. Qf4+ Kg8
41. Bb3+ Kh8 42. e6 Qd3 43. e7 0-1

[Event "46. Villa de Mislata - Open B 2012"]
[Site "Mislata ESP"]
[Date "2012.08.19"]
[Round "9.8"]
[White "Baeza Garcia, Agustin"]
[Black "Luque Martin, Jonathan"]
[Result "1/2-1/2"]
[WhiteElo "1939"]
[BlackElo "1942"]
[PlyCount "53"]
[EventDate "2012.08.13"]
[EventType "tourn"]
[EventRounds "9"]
[EventCountry "ESP"]
[EventCategory "2"]
[Source "lmi"]
[SourceDate "2012.08.13"]

1. d4 Nf6 2. c4 e6 3. Nc3 Bb4 4. Qc2 Nc6 5. Nf3 d6 6. Bg5 h6 7. Bxf6 Qxf6 8. a3
Bxc3+ 9. Qxc3 e5 10. d5 Ne7 11. e4 Bg4 12. Be2 Bxf3 13. Bxf3 O-O 14. O-O c5 15.
b4 Rfc8 16. Rfc1 Rc7 17. Qe3 Nc8 18. g3 a6 19. Rab1 Rb8 20. b5 axb5 21. Rxb5
Qd8 22. Rcb1 Na7 23. Rb6 Nc8 24. R6b5 Qd7 25. Qb3 b6 26. a4 Ra7 27. a5 1/2-1/2

[Event "46. Villa de Mislata - Open B 2012"]
[Site "Mislata ESP"]
[Date "2012.08.19"]
[Round "9.9"]
[White "Penades Ordaz, Victor"]
[Black "Palacios Herrero, Pablo"]
[Result "1-0"]
[WhiteElo "2091"]
[BlackElo "1926"]
[PlyCount "77"]
[EventDate "2012.08.13"]
[EventType "tourn"]
[EventRounds "9"]
[EventCountry "ESP"]
[EventCategory "2"]
[Source "lmi"]
[SourceDate "2012.08.13"]

1. e4 e6 2. d3 d5 3. Nd2 Nf6 4. Ngf3 Nc6 5. e5 Nd7 6. d4 f6 7. Bb5 Be7 8. Qe2
O-O 9. exf6 Nxf6 10. O-O a6 11. Bxc6 bxc6 12. Ne5 Qe8 13. Nb3 a5 14. Nd3 Ne4
15. Bf4 a4 16. Nbc5 Bxc5 17. dxc5 Nxc5 18. Bxc7 Ne4 19. f3 Nf6 20. Rfe1 Qe7 21.
Bb6 Nd7 22. Bf2 Re8 23. Ne5 Nxe5 24. Qxe5 Rf8 25. b3 Re8 26. Bd4 c5 27. Bf2 Bb7
28. c3 a3 29. Rab1 Rac8 30. b4 cxb4 31. Rxb4 Rc6 32. Bd4 Ba6 33. Ra4 Qd7 34.
Rxa3 Re7 35. Rb1 Qc7 36. Rb8+ Bc8 37. Raa8 Qd7 38. a4 Re8 39. Ra7 1-0

[Event "46. Villa de Mislata - Open B 2012"]
[Site "Mislata ESP"]
[Date "2012.08.19"]
[Round "9.10"]
[White "Martin Ayala, David"]
[Black "Gimenez Sanchis, Francisco  Andres"]
[Result "0-1"]
[WhiteElo "2060"]
[BlackElo "2020"]
[PlyCount "79"]
[EventDate "2012.08.13"]
[EventType "tourn"]
[EventRounds "9"]
[EventCountry "ESP"]
[EventCategory "2"]
[Source "lmi"]
[SourceDate "2012.08.13"]

1. e4 e6 2. d4 d5 3. exd5 exd5 4. Nf3 Nf6 5. h3 Bd6 6. Be3 Bf5 7. Bd3 Qd7 8. c3
Nc6 9. Qc2 Bxd3 10. Qxd3 O-O-O 11. Nbd2 Rhe8 12. O-O h6 13. c4 dxc4 14. Nxc4
Nd5 15. Rac1 Bf4 16. Qa3 Qe7 17. Qxe7 Rxe7 18. Rfe1 Nxe3 19. fxe3 Bg3 20. Red1
Nb4 21. Nh2 Bxh2+ 22. Kxh2 b5 23. Ne5 f6 24. a3 fxe5 25. axb4 exd4 26. exd4
Red7 27. Rc5 Rxd4 28. Rdc1 R8d7 29. Rxb5 a6 30. Ra5 Rxb4 31. Rc2 Kb7 32. Re5
Rbd4 33. Ree2 R4d6 34. Kg3 Rc6 35. Kf4 Rxc2 36. Rxc2 Rd5 37. Ke4 c6 38. Re2 Kb6
39. b4 h5 40. Rf2 0-1